Регионална библиотека "Любен Каравелов" - Русе

Fairy tales (Запис номер 326552)

MARC детайли
000 -Лидер
Контролно поле с фиксирана дължина 01115nam a2200289 a 4500
003 - Код на организацията, давaща контролен номер
Контролно поле BLK
005 - Дата и час на последна редакция
Контролно поле 20250604135304.0
008 - Елементи от данни с фиксирана дължина
fixed length control field 181122b bu a||||r|||| 00| 0 bu d
020 ## - Международен стандартен номер на книга ISBN
Международен стандартен номер на книга ISBN 9789542617341
040 ## - Източник на каталожния запис
Идентификатор на билиотеката - собственик на записа BLK
041 ## - Код за език
Код за езика на текст/звукозапис или на отделно заглавие Английски
Код за езика КДБФ Английски
080 ## - УДК
Текстов определител УДК Датска литература
УДК код - определител по УДК 821.113.4
УДК - код + определител 821.113.4-93-34
100 ## - Редна дума - Автор
R(LIN) 275404
Автор Andersen, Hans Christian
Авторска отговорност първи автор
139 ## - Редно поле
Редна дума Andersen, Hans Christian
Авторски знак And - A 54
245 ## - Сведения за заглавието
Заглавие Fairy tales
Подзаглавни данни Hans Christian Andersen
260 ## - Област на издателските данни
9 (RLIN) 213016
Място на издаване, разпространение и проч. Plovdiv
Име на издателя, разпространителя и проч. Hermes Publ. Ltd.
Година на издаване 2018
300 ## - Физическа характеристика
Страници 80 с.
Илюстрации и др. с цв. ил.
Размери/Мащаб 24 см
380 ## - Жанр
Жанр Детска худож. лит.
500 ## - Общи забележки
Забележка Прев. по: Приказки<br/>Името на ил., прев. отбелязани на гърба на загл. с.
650 #7 - Допълнително описание по предмет – тема
9 (RLIN) 167773
Основно описание – тема или топоним Приказки
650 #0 - Допълнително описание по предмет – тема
9 (RLIN) 331259
Основно описание – тема или топоним Литература, детска и юношеска, английска - теми, образи, сюжети
700 ## - Други автори (авторска отговорност)
9 (RLIN) 350159
Лично име Stoilov, Boris Nikolov
Автороска отговорност (Описва отношението между автора и произведението) ill.
852 ## - Местоположение
Форматна сигнатура Цб 291832
999 ## - СИСТЕМНИ КОНТРОЛНИ НОМЕРА
Koha biblionumber 326552
Koha biblioitemnumber 326552
942 ## - АРТИКУЛИ
Вид на библиотечния материал Книги
Скрит в OPAC Не
Koha issues (borrowed), all copies 7
944 ## - СЪЗДАВАНЕ И РЕДАКЦИЯ на ЗАПИСА
Създаване/Редакция Създаване
Дата на регистрацията/редакция 2018-11-22
Служител, извършил регистрацията/редакцията 30551
Статус, дата на статуса Бояна Костадинова
999 ## - СИСТЕМНИ КОНТРОЛНИ НОМЕРА
Koha biblioitemnumber 326552
Наличности
Код за отписване Код за изгубен артикул Източник на класификационната схема Код за повреда Коз за рестрикции Код за отдаване Артикулен № Име на библиотеката - собственик Име на библиотеката, в която се намира в момента Статус (Текущо местоположение) Дата на вписване в системата Местоположение - отдел Цена в лева Систематично азбучна сигнатура Баркод Цена в евро Служебен тип на артикула
  Не е изгубен Universal Decimal Classification Не е повреден без рестрикции ползва се в читалня 682624 Регионална библиотека "Любен Каравелов" Русе Регионална библиотека "Любен Каравелов" Русе Хранилище 2018-11-22 Хранилище 14.95 Цб 291832 120000825756 7.64 Книги
  Не е изгубен Universal Decimal Classification Не е повреден без рестрикции заемане за дома 751122 Регионална библиотека "Любен Каравелов" Русе Регионална библиотека "Любен Каравелов" Русе Детски отдел 2019-12-06 Детски отдел 10.46 821-93/А 54 120000839473 5.35 Книги
Vip Innovations Ltd, Rousse, Bulgaria 2025